000 00780nam a22002177a 4500
999 _c13043
_d13043
003 AR-CdUCM
008 190411b ||||| |||| 00| 0 spa d
040 _aMUNICIPALIDAD PROVINCIAL DEL CUSCO
_cBIBLIOTECA MUNICIPAL DEL CUSCO
082 _aC / 376.541 /
_bA37
100 _aAlencastre C, Andres
_931223
245 _aFonética, semántica y sintaxis (quechua) /
260 _aCusco :
_bUniversidad Nacional del Cusco,
_c1953.
300 _a44 páginas ;
_c21 cm.
505 _aFonemas vocales del quechua -- Fundamentos fonéticos -- Fonemas consonantes -- Semántica quechua...
650 _aQuechua.
_92063
650 _aFonética.
_911261
650 _aSemántica quechua.
_931224
650 _aSintaxis quechua.
_931225
942 _2ddc
_cTESIS
945 _awfj
_d2019-04-11